000 00846nam a2200253Ia 4500
003 OSt
005 20221005112529.0
006 a|||||r|||| 00| 0
007 ta
008 221004b |||||||| |||| 00| 0 pan d
020 _c150
024 _a3749
037 _b752, 12/03/2013, Bright Book Service
_cTextual
040 _aCRL
_cCRL
_bpan
041 _2pan
_apan
082 _aO153,3N35w, Q1
100 _aਟਿਵਾਣਾ, ਦਲੀਪ ਕੌਰ
245 0 _aਤੁਰਦਿਆਂ ਤੁਰਦਿਆਂ
260 _aਚੰਡੀਗੜ
_bਲੋਕਗੀਤ ਭਾਰਤ
_c2011
300 _a128ਪੰ
_ccm.
650 _aਪੰਜਾਬੀ ਸਾਹਿਤ
942 _hO153,3N35w, Q1
_cTEXL
_2cc
999 _c1025178
_d1025178